Представление документа в формате RUSMARC

ПолеНазваниеЗначение
  Тип записи a
  Библиографический уровень m
001 Контрольный номер 289825a1269c4d668991e4084fe23bdf
005 Дата корректировки 20150923100242.4
010 Индекс ISBN __
a ISBN 978-5-901709-32-0
d Цена 175.00
101 Язык документа 0_
a Язык текста rus
102 Страна публикации __
a Страна публикации RU
200 Заглавие и сведения об ответственности 1_
a Заглавие Маркетинг
b Общее обозначение материала Текст
e Сведения, относящиеся к заглавию учебное пос.
f Первые сведения об ответственности А. Ю.Мунши, Г.В. Калинина, Л. Ю. Александрова
210 Выходные данные 1_
a Место издания М.
c Издательство ООО Издательский дом Центросоюза
d Дата издания 2014
215 Физическое описание __
a Объем 216 с.
610 Ключевые слова 0_
a Ключевые слова Маркетинг
686 Индексы других классификаций __
a Классификационный индекс 65.050.9(2)2
701 Альтернативная интеллектуальная ответственность _1
a Фамилия Мунши
b Имя А. Ю.
801 Источник записи _0
a Страна RU
b Организация РУК
c Дата составления 23.09.2015
g Правила каталогизации PSBO
801 Источник записи _1
a Страна RU
b Организация РУК
c Дата составления 23.09.2015
g Правила каталогизации PSBO
852 Данные о местонахождении __
i Авторский знак М11
j Шифр хранения ББК 65.050.9(2)2
901 Тип документа __
t Тип документа m
937 Технологическая информация __
a Создатель записи (имя) Морозова
938 Служебная информация __
a Название организации Арзамасский филиал
952 Тип литературы __
c Вид литературы учебное пособие